000 00614nam a2200229Ia 4500
003 OSt
005 20221007070919.0
006 a|||||r|||| 00| 0
007 ta
008 221006b |||||||| |||| 00| 0 eng d
024 _a10,422
037 _cTextual
040 _aFLL
_cFLL
_beng
041 _2eng
_aeng
082 _aF56:Z2,5qN85, M6
100 _aSarin Ranjit Lal Au.
_9683001
245 0 _aCrimes
260 _aKashmere
_bgate Vinod publications India
_c1986
300 _a392p
_ccm.
942 _hF56:Z2,5qN85, M6
_cTEXL
_2CC
999 _c1141859
_d1141859